<?xml version="1.0" encoding="UTF-8"?>
<record
    xmlns:xsi="http://www.w3.org/2001/XMLSchema-instance"
    xsi:schemaLocation="http://www.loc.gov/MARC21/slim http://www.loc.gov/standards/marcxml/schema/MARC21slim.xsd"
    xmlns="http://www.loc.gov/MARC21/slim">

  <leader>00714nam a2200217 i 4500</leader>
  <controlfield tag="001">C00057987c</controlfield>
  <controlfield tag="005">20241029150458.0</controlfield>
  <controlfield tag="008">080206s2006    sp a     c    001   spa d</controlfield>
  <datafield tag="020" ind1=" " ind2=" ">
    <subfield code="a">84-8026-291-5</subfield>
  </datafield>
  <datafield tag="080" ind1=" " ind2=" ">
    <subfield code="a">73 Chirino, Mart&#xED;n</subfield>
  </datafield>
  <datafield tag="100" ind1="1" ind2=" ">
    <subfield code="a">Mart&#xED;n de Argila, Mar&#xED;a Luisa.</subfield>
    <subfield code="9">25608</subfield>
  </datafield>
  <datafield tag="245" ind1="1" ind2="0">
    <subfield code="a">Mart&#xED;n Chirino </subfield>
    <subfield code="b">: esculturas : cat&#xE1;logo razonado / </subfield>
    <subfield code="c">Mar&#xED;a Luisa Mart&#xED;n de Argila.</subfield>
  </datafield>
  <datafield tag="260" ind1=" " ind2=" ">
    <subfield code="a">Madrid : </subfield>
    <subfield code="b">Museo Nacional Centro de Arte Reina Sof&#xED;a, </subfield>
    <subfield code="c">D.L. 2006.</subfield>
  </datafield>
  <datafield tag="300" ind1=" " ind2=" ">
    <subfield code="a">565 p. : </subfield>
    <subfield code="b">il. col. y n. ; </subfield>
    <subfield code="c">30 cm.</subfield>
  </datafield>
  <datafield tag="500" ind1=" " ind2=" ">
    <subfield code="a">Bibliograf&#xED;a.</subfield>
  </datafield>
  <datafield tag="500" ind1=" " ind2=" ">
    <subfield code="a">&#xCD;ndices.</subfield>
  </datafield>
  <datafield tag="600" ind1="1" ind2="4">
    <subfield code="a">Chirino, Mart&#xED;n (</subfield>
    <subfield code="d">1925-2019)-</subfield>
    <subfield code="v">Cat&#xE1;logos.</subfield>
    <subfield code="9">97893</subfield>
  </datafield>
  <datafield tag="852" ind1="4" ind2=" ">
    <subfield code="j">H-5156</subfield>
  </datafield>
  <datafield tag="952" ind1=" " ind2=" ">
    <subfield code="0">0</subfield>
    <subfield code="1">0</subfield>
    <subfield code="4">0</subfield>
    <subfield code="7">0</subfield>
    <subfield code="8">NOR</subfield>
    <subfield code="a">RABASF</subfield>
    <subfield code="b">RABASF</subfield>
    <subfield code="c">DP2</subfield>
    <subfield code="d">2008-02-06</subfield>
    <subfield code="e">A</subfield>
    <subfield code="l">0</subfield>
    <subfield code="o">H-5156</subfield>
    <subfield code="p">1061247</subfield>
    <subfield code="r">2024-10-15 09:45:42</subfield>
    <subfield code="w">2024-10-15</subfield>
    <subfield code="y">FONDOMODER</subfield>
  </datafield>
  <datafield tag="999" ind1=" " ind2=" ">
    <subfield code="c">54858</subfield>
    <subfield code="d">54858</subfield>
  </datafield>
</record>
